000 00851nam a2200217Ii 4500
003 JO-AjNU
008 230605s9999||||xx |||||||||||||| ||und||
017 _a2010/10150
040 _aJO-AjNU
_bara
_erda
_cJO-AjNU
041 _aara
050 1 4 _aBP940.2.M838 2011
100 3 _aالمنظمة العربية للتنمية الإدارية,
_eauthor
_934291
245 0 0 _aالمصارف الإسلامية الواقع والتحديات
264 3 1 _aالقاهرة: المنظمة العربية للتنمية الادارية، 2011
300 _a250ص
336 _atext
_btxt
_2rdacontent
337 _aunmediated
_bn
_2rdamedia
338 _avolume
_bnc
_2rdacarrier
490 0 _aالمنظمة العربية للتنمية الإدارية/أعمال مؤتمرات
650 4 _aالبنوك الإسلامية- مؤتمرات
_934292
999 _aA14042
_c17610
_d17610